Auténticas entrevistas falsas / (Record no. 182647)
[ view plain ]
| 000 -LEADER | |
|---|---|
| campo de control de longitud fija | 00827nam a2200229 i 4500 |
| 001 - NÚMERO DE CONTROL | |
| campo de control | 182647 |
| 003 - IDENTIFICADOR DE NÚMERO DE CONTROL | |
| campo de control | ES-MaACL |
| 005 - FECHA Y HORA DE LA ÚLTIMA TRANSACCIÓN | |
| campo de control | 20251218175316.0 |
| 008 - DATOS DE LONGITUD FIJA--INFORMACIÓN GENERAL | |
| campo de control de longitud fija | 131008s2012 sp |||| | spa d |
| 020 ## - NÚMERO INTERNACIONAL ESTÁNDAR DEL LIBRO | |
| Número Internacional Estándar del Libro | 821.134.2-92"19" |
| 080 ## - NÚMERO DE LA CLASIFICACIÓN DECIMAL UNIVERSAL | |
| Número de la Clasificación Decimal Universal | 978-84-938524-0-5 |
| 100 1# - ENTRADA PRINCIPAL--NOMBRE DE PERSONA | |
| Nombre de persona | Márquez Reviriego, Victor. |
| 9 (RLIN) | 77033 |
| 245 10 - MENCIÓN DEL TÍTULO | |
| Título | Auténticas entrevistas falsas / |
| Mención de responsabilidad, etc. | Víctor Márquez Reviriego ; ilustraciones, David Pintor. |
| 260 ## - PUBLICACIÓN, DISTRIBUCIÓN, ETC. | |
| Lugar de publicación, distribución, etc. | Madrid : |
| Nombre del editor, distribuidor, etc. | Leer, |
| Fecha de publicación, distribución, etc. | 2012. |
| 300 ## - DESCRIPCIÓN FÍSICA | |
| Extensión | 385 p. : |
| Otras características físicas | il. ; |
| Dimensiones | 23 cm. |
| 500 ## - NOTA GENERAL | |
| Nota general | En cub.: Presentación verdadera: José Bono ; auténtico prólogo falso: Pío Baroja. |
| 700 1# - ENTRADA AGREGADA--NOMBRE PERSONAL | |
| Nombre de persona | Pintor, David, |
| Fechas asociadas al nombre | 1975- |
| 9 (RLIN) | 153590 |
| 700 0# - ENTRADA AGREGADA--NOMBRE PERSONAL | |
| Nombre de persona | Bono, José, |
| Fechas asociadas al nombre | 1950- |
| 9 (RLIN) | 30289 |
| 852 ## - LOCALIZACIÓN | |
| Ubicación | ES-MaACL |
| Número de control de estantería | A-12800 |
| itemnumber | 189564 |
| Sublocalización o colección | R.149018 |
| Ubicación en estantería | Depósito 1 |
| Signatura antigua | Olim: N-5800 |
| 942 ## - ELEMENTOS DE ENTRADA SECUNDARIOS (KOHA) | |
| Fuente del sistema de clasificación o colocación | Clasificación decimal universal |
| Tipo de ítem Koha | Libro impreso |
| Estatus retirado | Estado de pérdida | Fuente del sistema de clasificación o colocación | Estado de daño | No para préstamo | Biblioteca de origen | Biblioteca actual | Ubicación en estantería | Fecha de adquisición | Fuente de adquisición | Total de préstamos | Signatura topográfica completa | Código de barras | Visto por última vez | Precio de reemplazo | Tipo de ítem Koha |
|---|---|---|---|---|---|---|---|---|---|---|---|---|---|---|---|
| Clasificación decimal universal | Biblioteca del Ateneo de Madrid | Biblioteca del Ateneo de Madrid | Depósito 1 | 08/10/2013 | Donación | A-12800 | 1191948 | 23/02/2023 | 23/02/2023 | Libro impreso |
